01524 2200181 4500001002100000005001500021035002000036245007000056100001600126250001700142300002800159260003100187082001000218084001600228020002200244650002500266520105100291INLIS00000000000015820240510114151 a0010-05240000801 aAktivitas 5R :bRingkas, Rapi, Resik, Rawat, Rajin /cNurul Ikoma0 aNurul Ikoma acetakan ke-1 a48 hlm :bilus ;c24 cm aSolo :bTiga Ananda,c2019 a649.5 a649.5 NUR a a978-623-206-106-4 4aBuku Anak, Aktivitas aCoba lihatlah lingkungan di sekitar kalian. Apakah sudah bersih dan teratur atau malah kotor dan berantakan? Jika lingkungan sekitar ternyata kotor dan berantakan, apa yang kalian rasakan? Tentu tidak menyenangkan dan membuat kita tidak nyaman, bukan? Lingkungan yang kotor bahkan dapat mengganggu kesehatan. Nah, untuk menghindari hal itu, kita dapat menerapkan kebiasaan 5R, yaitu ringkas, rapi, resik, rawat, dan rajin. Ringkas artinya memisahkan benda yang sudah tidak terpakai atau tidak sesuai kebutuhan. Rapi artinya menyimpan segala sesuatu sesuai dengan tempatnya. Resik artinya membersihkan ruangan atau lingkungan dari debu dan kotoran lain hingga bersih. Rawat artinya mempertahankan kebersihan dan kerapian yang sudah kita lakukan. Dan rajin artinya menciptakan kebiasaan agar kita selalu menjaga kebersihan dan kerapian. Melalui aktivitas dalam buku ini, kalian dapat belajar dan berlatih menerapkan 5R di rumah dan lingkungan sekitar. Ayo baca dan koleksi buku ini untuk mengenal lebih dalam aktivitas 5R. Selamat membaca buku ini!